LA NOURRITURE VOCABULAIRE - Statistiques

Statistiques générales
  • Ce quiz a été pris 613 fois
  • Le résultat moyen est 26 sur 47
Statistiques - réponses
Hint Réponse % Correct
chocolate chocolat
99%
Fruta fruit
96%
café café
95%
thé
95%
limón citron
92%
frambuesa framboise
92%
Jugo de frutas jus de fruit
92%
Vino vin
92%
Agua eau
91%
Pan pain
91%
Tarta tarte
88%
Jamón jambon
86%
Leche lait
86%
Pasta pâtes
84%
Champiñón champignon
82%
Fresa fraise
82%
Naranja orange
76%
Carne viande
75%
Pescado poisson
70%
manzana pomme
69%
jitomate tomate
69%
Ensalada salade
68%
Queso fromage
61%
Pollo poulet
59%
Cerveza biere
52%
Arroz riz
52%
Piña ananas
51%
pimiento poivron
49%
Cereza cerise
46%
Huervo oeuf
43%
Uva raisin
40%
Platano banane
38%
Mantequilla beurre
34%
Cebolla oignon
33%
ajo ail
30%
Pastel gâteau
29%
zanahoria carotte
24%
papa pomme de terre
18%
Pepino concombre
17%
berenjena aubergine
16%
calabacín courgette
16%
Puerro poireau
13%
Refresco soda
12%
col chou
11%
ejote haricot
9%
Mariscos Fruit de mer
5%
Helado glacée
2%
Aucun quiz correspondant
Distribution des résultats
% des personnes avec chaque résultat
Percentile par nombre de réponses
Votre historique - résultats
Vous n’avez pas pris ce quiz